| 000 | 00397nam a2200145Ia 4500 | ||
|---|---|---|---|
| 008 | 210210b2003 xxu||||| |||| 00| 0 eng d | ||
| 082 | _aT894.301 JAYN | ||
| 100 | _aJAYANTI (Es Bangera). | ||
| 245 | _aNili kadalda nadutu: kinya katekule sangraha. | ||
| 260 |
_aMangaluru _bDurga Prakashana _c2003 |
||
| 300 | _ax,80 | ||
| 650 | _aTulu Short Stories | ||
| 690 | _aTulu Fiction | ||
| 906 | _a061661 | ||
| 999 |
_c108576 _d108576 |
||